Feminist legal theory and practice training : (Record no. 1954)
[ view plain ]
| 000 -LEADER | |
|---|---|
| fixed length control field | 004510000a22001330004500 |
| 008 - FIXED-LENGTH DATA ELEMENTS--GENERAL INFORMATION | |
| fixed length control field | 230817t ||||| |||| 00| 0 eng d |
| 082 ## - DEWEY DECIMAL CLASSIFICATION NUMBER | |
| Classification number | 305.42 |
| Item number | FEM |
| 942 ## - ADDED ENTRY ELEMENTS (KOHA) | |
| Item Type | Reports |
| 700 ## - ADDED ENTRY--PERSONAL NAME | |
| Personal name | Pusey, Lisa |
| 245 ## - TITLE STATEMENT | |
| Title | Feminist legal theory and practice training : |
| Sub Title | 14-18 May 2004, Colombo, Sri Lanka -summary report |
| 260 ## - PUBLICATION, DISTRIBUTION, ETC. (IMPRINT) | |
| Place of Publication | Chiangmai : |
| Name of Publisher | Asia Pacific Forum on Women, Law and Development (APWLD), |
| Date of Copyright | 2004 |
| 300 ## - PHYSICAL DESCRIPTION | |
| Extent | iii., 90 p. |
| 650 ## - SUBJECT ADDED ENTRY--TOPICAL TERM | |
| Topical Term | FEMINIST MOVEMENTS |
| Withdrawn status | Lost status | Damaged status | Not for loan | Permanent location | Current location | Date acquired | Total Checkouts | Full call number | Barcode | Date last seen | Price effective from | Koha item type |
|---|---|---|---|---|---|---|---|---|---|---|---|---|
| Resource center, Muslim Women's Research And Action Forum | Resource center, Muslim Women's Research And Action Forum | 2023-08-17 | 305.42 FEM | RAF4319 | 2023-08-17 | 2023-08-17 | Reports |

